Người yêu đi lấy chồng Tập truyện ngắn

Saved in:
Bibliographic Details
Main Author: Lê Ngọc Minh (1953 -)
Format: Book
Language:Undetermined
Published: Hà Nội Văn học 1997
Subjects:
Tags: Add Tag
No Tags, Be the first to tag this record!
Institutions: Trung tâm Học liệu Trường Đại học Cần Thơ
LEADER 00551nam a2200181Ia 4500
001 CTU_22468
008 210402s9999 xx 000 0 und d
082 |a 895.922301 
082 |b M312 
100 |a Lê Ngọc Minh (1953 -) 
245 0 |a Người yêu đi lấy chồng 
245 0 |b Tập truyện ngắn 
245 0 |c Lê Ngọc Minh (1953 -) 
260 |a Hà Nội 
260 |b Văn học 
260 |c 1997 
650 |a short stories, vietnamese - 20th century 
980 |a Trung tâm Học liệu Trường Đại học Cần Thơ